Effect of some environmental parameters on the physiological behaviour of sesame plant in africa / (رقم التسجيلة. 178255)

تفاصيل مارك
000 -LEADER
fixed length control field 01612namaa22003371i 4500
005 - أخر تعامل مع التسجيلة
control field 20260302102053.0
008 - FIXED-LENGTH DATA ELEMENTS--GENERAL INFORMATION
fixed length control field 260208s1995 ua a|||frm||| 000 0 eng d
040 ## - CATALOGING SOURCE
Original cataloguing agency EG-GICUC
Language of cataloging eng
Transcribing agency EG-GICUC
Modifying agency EG-GICUC
Description conventions rda
041 0# - LANGUAGE CODE
Language code of text/sound track or separate title eng
Language code of summary or abstract eng
-- ara
049 ## - Acquisition Source
Acquisition Source Deposit
097 ## - Degree
Degree Ph.D
099 ## - LOCAL FREE-TEXT CALL NUMBER (OCLC)
Local Call Number Cai01.07.16.Ph.D.1995.Th.E
100 0# - MAIN ENTRY--PERSONAL NAME
Authority record control number or standard number Tharwat Abd El-Samie Ibrahim El-Nesiry,
Preparation preparation.
245 10 - TITLE STATEMENT
Title Effect of some environmental parameters on the physiological behaviour of sesame plant in africa /
Statement of responsibility, etc. By Tharwat Abd El-Samie Ibrahim El-Nesiry ; Supervised Prof. Dr. Moustafa Imam Mahmoud, Prof. Dr. Mamdouh Hassib Abbas, Prof. Dr. Yehya Hassan El-Shafey, Dr. Fswziya Ibrahim Moursi.
246 15 - VARYING FORM OF TITLE
Title proper/short title أثر بعض المكونات البيئية علي سلوك الفسيولوجي لنبات السمسم في افريقيا
264 #0 - PRODUCTION, PUBLICATION, DISTRIBUTION, MANUFACTURE, AND COPYRIGHT NOTICE
Date of production, publication, distribution, manufacture, or copyright notice 1995.
300 ## - PHYSICAL DESCRIPTION
Extent 122 Leaves
Other physical details illustrations
Dimensions 30 cm. +
336 ## - CONTENT TYPE
Source rda content
Content type term text
337 ## - MEDIA TYPE
Source rdamedia
Media type term Unmediated
338 ## - CARRIER TYPE
Source rdacarrier
Carrier type term volume
502 ## - DISSERTATION NOTE
Dissertation note Thesis (Ph.D)-Cairo University, 1995.
504 ## - BIBLIOGRAPHY, ETC. NOTE
Bibliography, etc. note Bibliography: pages 112-122
653 #0 - INDEX TERM--UNCONTROLLED
Uncontrolled term sesame plant in africa
700 0# - ADDED ENTRY--PERSONAL NAME
Personal name Moustafa Imam Mahmoud
Relator term thesis advisor.
700 0# - ADDED ENTRY--PERSONAL NAME
Personal name Mamdouh Hassib Abbas
Relator term thesis advisor.
700 0# - ADDED ENTRY--PERSONAL NAME
Personal name Yehya Hassan El-Shafey
Relator term thesis advisor.
700 0# - ADDED ENTRY--PERSONAL NAME
Personal name Fswziya Ibrahim Moursi
Relator term thesis advisor.
900 ## - Thesis Information
Department Department of Plant Resources
Faculties Faculty of Agriculture
Universities Cairo University
Grant date 1995
Supervisory body Moustafa Imam Mahmoud
-- Mamdouh Hassib Abbas
-- Yehya Hassan El-Shafey
-- Fswziya Ibrahim Moursi
905 ## - Cataloger and Reviser Names
Cataloger Name Nehad
Reviser Names Nourhan
942 ## - ADDED ENTRY ELEMENTS (KOHA)
Source of classification or shelving scheme Dewey Decimal Classification
Koha item type Thesis
Edition 21
Suppress in OPAC No
المقتنيات
Source of classification or shelving scheme Home library Current library Date acquired Inventory number Full call number Barcode Date last seen Effective from Koha item type
Dewey Decimal Classification المكتبة المركزبة الجديدة - جامعة القاهرة مكتبة المئوية 08.02.2026 27224 Cai01.07.16.Ph.D.1995.Th.E 01010110027224000 08.02.2026 08.02.2026 Thesis
Cairo University Libraries Portal Implemented & Customized by: Eng. M. Mohamady Contacts: new-lib@cl.cu.edu.eg | cnul@cl.cu.edu.eg
CUCL logo CNUL logo
© All rights reserved — Cairo University Libraries
CUCL logo
Implemented & Customized by: Eng. M. Mohamady Contact: new-lib@cl.cu.edu.eg © All rights reserved — New Central Library
CNUL logo
Implemented & Customized by: Eng. M. Mohamady Contact: cnul@cl.cu.edu.eg © All rights reserved — Cairo National University Library